Geography Quiz

Random Geography or City Quiz

Busiest North American Seaports Quiz Stats

 Plays Quiz Updated Nov 28, 2018

Support Sporcle.
Go Orange.
Score 0/50 Timer 07:00
1 Play Today
20 Foot Container Units Port (City) % Correct
6,371,720New York & New Jersey
97.1%
1,007,782Miami, Florida
90.1%
8,160,458Los Angeles, California
87.2%
237,166Boston, Massachusetts
85.9%
3,529,446Seattle/Tacoma Alliance, Washington
84%
118,739San Diego, California
80.2%
524,875New Orleans, Louisiana
78.8%
22,683Portland, Oregon
73.5%
840,314Baltimore, Maryland
64.8%
2,130,544Houston, Texas
61.7%
56,742Tampa, Florida
60.9%
3,054,468Vancouver, British Columbia
51.4%
427,630Philadelphia, Pennsylvania
50.6%
915,292Jacksonville, Florida
50.5%
2,277,521Oakland, California
49.9%
1,973,204Charleston, South Carolina
48.9%
3,737,402Savannah, Georgia
41.9%
229,117Mobile, Alabama
38.6%
2,549,271Hampton Roads, Virginia
38.3%
1,446,075Montreal, Quebec
37.4%
485,523Anchorage, Alaska
36.6%
7,192,066Long Beach, California
32.5%
1,213,129Honolulu, Hawaii
30.5%
33,790Panama City, Florida
25.9%
337,032Wilmington, Delaware
25.8%
20 Foot Container Units Port (City) % Correct
291,843Wilmington, North Carolina
25.8%
418,359Halifax, Nova Scotia
24.3%
1,060,506Port Everglades, Florida
15.6%
1,210,503San Juan, Puerto Rico
15.6%
97,114Saint John, New Brunswick
14%
141,734Gulfport, Mississippi
11.7%
931,613Veracruz, Mexico
9.8%
271,277Palm Beach, Florida
6.5%
36,323Hilo, Hawaii
5.6%
35,906Mazatlán, Mexico
4.5%
171,844Apra, Guam
2.8%
33,178Everett, Washington
2.8%
776,414Prince Rupert, British Columbia
2.7%
98,904Freeport, Texas
2.5%
35,336Nanaimo, British Columbia
1.9%
193,424Ensenada, Mexico
1.7%
2,458,135Manzanillo, Mexico
1.3%
29,100Manatee, Florida
1.2%
98,665Hueneme, California
0.8%
108,298Kahului, Hawaii
0.8%
1,058,747Lázaro Cárdenas, Mexico
0.6%
647,369Altamira, Mexico
0.5%
67,653Progreso, Mexico
0.5%
56,742Nawiliwili, Hawaii
0.4%
83,667Kawaihae, Hawaii
0.3%

From the Vault

Country on a Map Per Letter: Europe

by NO_r_WAY

Geography 60s
We only really care about the first letters, to be honest.
Remove Ads.
Support Sporcle.
Get the best of Sporcle when you Go Orange. This ad-free experience offers more features, more stats, and more fun while also helping to support Sporcle. Thank you for becoming a member.

Show Comments

Extras

Top Quizzes Today


Score Distribution

Your Account Isn't Verified!

In order to create a playlist on Sporcle, you need to verify the email address you used during registration. Go to your Sporcle Settings to finish the process.

Report this User

Report this user for behavior that violates our Community Guidelines.

Details: